Pays ayant le plus de Français - Statistiques

Statistiques générales
  • Ce quiz a été pris 592 fois
  • Le résultat moyen est 13 sur 15
Statistiques - réponses
Nombre de Français Pays % Correct
100 000 Espagne
97%
46 000 Italie
94%
163 000 Suisse
94%
115 000 Belgique
93%
92 000 Canada
93%
112 000 Allemagne
92%
126 000 Royaume-Uni
92%
47 000 Maroc
88%
38 000 Algérie
86%
130 000 Etats-Unis
84%
31 000 Chine
81%
22 000 Brésil
77%
24 000 Pays-Bas
74%
24 000 Australie
73%
51 000 Israël
35%
Aucun quiz correspondant
Distribution des résultats
% des personnes avec chaque résultat
Percentile par nombre de réponses
Votre historique - résultats
Vous n’avez pas pris ce quiz